|
|
|
|
| LEADER |
00000nam0a2200000 4500 |
| 001 |
253403 |
| 005 |
20231101232835.0 |
| 010 |
|
|
|a 5020166162
|
| 020 |
|
|
|a RU
|b 89-44935
|
| 035 |
|
|
|a (RuTPU)RU\TPU\book\275791
|
| 090 |
|
|
|a 253403
|
| 100 |
|
|
|a 20140313d1989 k y0rusy5003 ca
|
| 101 |
0 |
|
|a rus
|
| 102 |
|
|
|a RU
|
| 105 |
|
|
|a y z 001zy
|
| 200 |
1 |
|
|a История Тропической и Южной Африки, 1918-1988
|f Московский государственный университет им. М. В. Ломоносова (МГУ), Институт стран Азии и Африки (ИСАА) ; Академия наук СССР (АН СССР), Институт всеобщей истории (ИВИ) ; под ред. А. Б. Давидсона
|
| 210 |
|
|
|a Москва
|c Наука
|d 1989
|
| 215 |
|
|
|a 412 с.
|c карт.
|
| 320 |
|
|
|a Указатель географических и этнических названий: с. 396-401.
|
| 320 |
|
|
|a Указатель имен: с. 402-405.
|
| 320 |
|
|
|a Указатель организаций: с. 406-411.
|
| 606 |
1 |
|
|a Африка
|x История
|2 stltpush
|3 (RuTPU)RU\TPU\subj\69178
|9 84145
|
| 610 |
1 |
|
|a социально-экономические проблемы
|
| 610 |
1 |
|
|a новейшая история
|
| 610 |
1 |
|
|a проблемы
|
| 610 |
1 |
|
|a развивающиеся страны
|
| 610 |
1 |
|
|a эксплуатация
|
| 610 |
1 |
|
|a независимость
|
| 610 |
1 |
|
|a экономическое развитие
|
| 686 |
|
|
|a Т3(6)
|2 rubbk
|
| 702 |
|
1 |
|a Давидсон
|b А. Б.
|4 340
|
| 712 |
0 |
2 |
|a Московский государственный университет им. М. В. Ломоносова (МГУ)
|b Институт стран Азии и Африки (ИСАА)
|2 stltpush
|3 (RuTPU)RU\TPU\col\455
|
| 712 |
0 |
2 |
|a Академия наук СССР (АН СССР)
|b Институт всеобщей истории (ИВИ)
|c (1968-1991)
|c (Москва)
|2 stltpush
|3 (RuTPU)RU\TPU\col\11350
|
| 801 |
|
0 |
|a RU
|b RuMRKP
|c 19950417
|g psbo
|
| 801 |
|
1 |
|a RU
|b 63413507
|c 20140313
|
| 801 |
|
2 |
|a RU
|b 63413507
|c 20140506
|g RCR
|
| 942 |
|
|
|c BK
|